00159 a2200073 450000100060000010000150000624500330002126000310005421188 aSelby, S M aStandard Mathematical tables abChemical Rubber Coc1968